000 00189 a2200097 4500
020 _a9788434861848
041 _aspa
100 _a Ulf Nilson
245 _aEl aprendis del Mago
942 _cK
999 _c26354
_d26354